000 01710cam a22003977a 4500
999 _c529725
_d529725
001 11852009
003 NUST
005 20191002113710.0
008 991130s1999 dcua g b f000 0 eng d
010 _a 99070688
035 _a(DLC)11852009
038 _aMSOHAIL
040 _aTRL
_cTRL
_dDLC
042 _alccopycat
043 _an-us---
050 0 0 _aTG315
_b.C49 1999
082 0 0 _a388.132
_221
100 1 _aChamberlin, William P.
_921564
245 1 0 _aHistoric highway bridge preservation practices /
_cWilliam P. Chamberlin.
260 _aWashington, D.C. :
_bNational Academy Press,
_c1999.
300 _a58 p. :
_bill. ;
_c28 cm.
440 0 _aSynthesis of highway practice,
_x0547-5570 ;
_v275
_922351
500 _aAt head of title: National Cooperative Highway Research Program.
500 _a"Transportation Research Board, National Research Council."
500 _a"Research sponsored by the American Association of State Highway and Transportation Officials in cooperation with the Federal Highway Administration."
504 _aIncludes bibliographical references (p. 33-35).
650 0 _aHistoric bridges
_xConservation and restoration
_zUnited States.
_921565
710 2 _aNational Cooperative Highway Research Program.
_920864
710 2 _aNational Research Council (U.S.).
_bTransportation Research Board.
_922352
710 2 _aAmerican Association of State Highway and Transportation Officials.
_919553
710 1 _aUnited States.
_bFederal Highway Administration.
_920149
906 _a7
_bcbc
_ccopycat
_d3
_encip
_f19
_gy-gencatlg
942 _2ddc
_cBK